| 000 | 00383nam a22001571a 4500 | ||
|---|---|---|---|
| 082 |
_aM 192 _bBAB/B |
||
| 100 | _aBabusenan V | ||
| 245 |
_aBertrand Russell/ _cby Babusenan V |
||
| 260 |
_aCalcutta: _bPapyrus Books, _c2010 |
||
| 300 | _a416p. | ||
| 650 | _aBiography Bertrand Russell | ||
| 650 | _aBiography Philosopher | ||
| 650 | _aBiography | ||
| 650 | _aPhilosophy | ||
| 942 | _cBK | ||
| 999 |
_c4437 _d4437 |
||